| 000 | 00616nam a2200253Ia 4500 | ||
|---|---|---|---|
| 005 | 20260123122730.0 | ||
| 008 | 008 260114s9999 xx 000 0 eng d | ||
| 020 | _a9781452233512 | ||
| 037 | _aEBOOK | ||
| 040 | _aCRL | ||
| 040 | _beng | ||
| 040 | _cCRL | ||
| 041 | _2eng | ||
| 041 | _aeng | ||
| 084 | _qCRL | ||
| 100 |
_aRichard M. Lerner _91104903 |
||
| 245 | 0 | _aApplied Developmental Science: An Advanced Textbook | |
| 260 | _bSAGE | ||
| 260 | _c2005 | ||
| 856 | _uhttps://sk.sagepub.com/books/applied-developmental-science | ||
| 942 | _cEBOOK | ||
| 999 |
_c1670139 _d1670139 |
||